| 000 | 00380 a2200133 4500 | ||
|---|---|---|---|
| 001 | 92262 | ||
| 082 | _aPR 2508 | ||
| 090 |
_c44207 _d44206 |
||
| 100 | _aJamal Zahoor; Prof Shafqat-ul-Mulk and Salman Aslam (Advisors) | ||
| 245 |
_aBuild a controller for a Brushless DC motor _n77 "B" EC |
||
| 260 |
_aIslamabad _bNUST _c2014 |
||
| 300 | _aviii,43p. | ||
| 500 | _aBE Project Reports | ||
| 942 |
_aCAE NUST _kPR 2508 |
||
| 999 |
_c327335 _d327335 |
||